书目信息 |
| 书名: | 西安事变和周恩来 | |
| 作者: | 罗瑞卿,吕正操,王炳南. | |
| 分册号: | ||
| 分册名: | 出版地: | 北京 : |
|
| 出版社: | 北京外文出版社 | |
| 出版时间: | 1980. | |
| 页数: | 113 p. ; | |
| 开本: | 20cm. | |
| 丛书名: | ||
| 中图分类号: | ||
| 科图分类号: | ||
| 其他分类号: | K264.8 | |
| 主题词: | ||
| 电子资源: | ||
| 000 | 00373nam 2200145 a 4500 | |
| 001 | E0738759748 | |
| 005 | 20070723110216.95 | |
| 008 | 070723s1980 00010 eng | |
| 040 | @aPFT@beng | |
| 090 | @aK264.8 | |
| 099 | @dK264.8@ex2 | |
| 245 | @a西安事变和周恩来 / @c罗瑞卿,吕正操,王炳南. | |
| 260 | @a北京 :@b北京外文出版社,@c1980. | |
| 300 | @a113 p. ;@c20cm. | |
| 650 | @a日语学习 | |
| 西安事变和周恩来 / / 罗瑞卿,吕正操,王炳南.-北京 : : 北京外文出版社, , 1980. |
| 113 p. ; ; 20cm. |
| ISBN |
| ● |
| 相关链接 |
|
|
|
|
正题名:西安事变和周恩来
索取号:K264.8/x2
 
预约/预借
| 序号 | 登录号 | 条形码 | 馆藏地/架位号 | 状态 | 备注 |
| 1 | 41245 | 001302655 | 第二样本阅览室/ [索取号:K264.8/x2] | 在馆 | |
| 2 | 41246 | 001302646 | 第四借阅区/ [索取号:K264.8/x2] | 在馆 | |
| 3 | 41247 | 001302566 | 第四借阅区/ [索取号:K264.8/x2] | 在馆 | |
| 4 | 41248 | 001302664 | 第四借阅区/ [索取号:K264.8/x2] | 在馆 | |
| 5 | 41249 | 001302600 | 第四借阅区/ [索取号:K264.8/x2] | 在馆 |